Gimnasia mental /

Esta obra busca enseñar a fortalecer y coordinar la actividad mental a través de la gimnasia y el pensamiento creativo. Tiene como objetivos: aumentar la capacidad de concentración, mejorar la memoria, estimular la creatividad, y desarrollar las facultades deductivas y analíticas.

Furkejuvvon:
Bibliográfalaš dieđut
Váldodahkki: Wujec, Tom (autor)
Materiálatiipa: Girji
Giella:espánnjágiella
Almmustuhtton: Barcelona, España : Martínez Roca, 2002, c2002
Fáttát:
Fáddágilkorat: Lasit fáddágilkoriid
Eai fáddágilkorat, Lasit vuosttaš fáddágilkora!

MARC

LEADER 00000nam^a2200000^a^4500
001 000156637
005 20250521000000.0
009 20260310100511.449
037 |a Acervo ITESO - Biblioteca 
041 |a ESP 
082 |a 153.  |b GIM 
100 |a Wujec, Tom  |e (autor) 
240 1 1 |a [Gimnasia mental] 
245 1 0 |a Gimnasia mental /  |c T. Wujec ; tr. por M. Taboada. 
264 4 |a Barcelona, España :  |b Martínez Roca,  |c 2002, c2002 
300 |a 411 p. 
336 |a texto  |b txt  |2 rdacontenido 
337 |a sin mediación  |b n  |2 rdamedio 
338 |a volumen  |b nc  |2 rdasoporte 
500 |a Traducción de: Pumping Ions: Games and Exercises to Flex Your Mind 
520 |a Esta obra busca enseñar a fortalecer y coordinar la actividad mental a través de la gimnasia y el pensamiento creativo. Tiene como objetivos: aumentar la capacidad de concentración, mejorar la memoria, estimular la creatividad, y desarrollar las facultades deductivas y analíticas. 
649 |a XX 
650 |a Creatividad 
650 |a Memoria 
650 |a Abstracción 
650 |a Deducción Lógica 
650 |a Razonamiento Lógico 
650 |a Habilidades de Pensamiento 
650 |a Psicología Cognitiva 
650 |a Psicología 
910 |a Fondo General 
920 |a Impresos - Libros 
930 |a Colección General 
905 |a 101 
901 |a 0500085232  |b IT1  |c ACC  |u 20250521 
902 |a https://opac.biblio.iteso.mx/vufind/Record/000156637